| 000 | 00483nam a2200169Ia 4500 | ||
|---|---|---|---|
| 008 | 180921t2017 xxu||||| |||| 00| 0 sin d | ||
| 041 | _asin | ||
| 080 |
_a294.3 _bGNA |
||
| 100 | _aGanananda Himi,Kiribathgoda | ||
| 245 | _aස්වර්ණමාලි මහ සෑ වන්දනාව | ||
| 246 | _aSwarnamali Maha Saa Wandanawa | ||
| 260 |
_bMahamega _aPolgahawela _c2017 |
||
| 300 | _b92p, 22cm | ||
| 942 | _cBK | ||
| 999 |
_c2006 _d2006 |
||
| 003 | LK-CoDNM | ||
| 040 |
_aLK-CoDNM _dLK-CoDNM _eLK-CoDNM |
||